000 00331nam a2200145Ia 4500
003 OSt
005 20240322143641.0
008 170523s9999 xx 000 0 und d
020 _a978-0137465781
040 _ciimtu meerut
100 _aVAZSORIY
245 0 _aQUANTITATIVE ANALYSIS FOR BUSINESS
260 _bPHI
942 _2ddc
_c02
999 _c1859
_d1859